000 00244nam a2200097Ia 4500
001 683718
005 20250826161444.0
008 250824s9999 xx 000 0 und d
245 0 _aKURANI KERİM LUGATI
_cMAHMUT ÇANGA
260 _bTİMAŞ YAYINLARI
999 _c683718
_d683718